000 00650nam a2200229Ia 4500
003 OSt
005 20221007074637.0
006 a|||||r|||| 00| 0
007 ta
008 221006b |||||||| |||| 00| 0 eng d
024 _a12,392
037 _cTextual
040 _aFLL
_cFLL
_beng
041 _2eng
_aeng
082 _aV235,64qN61, M0
100 _aJindal M.L. Au.
_9687804
245 0 _aMaharashtra zilla parishads and panchayat samitis act, 1961
260 _aNagpur
_bWadhwa and comp. India
_c1980
300 _axvi,207p
_ccm.
942 _hV235,64qN61, M0
_cTEXL
_2CC
999 _c1153185
_d1153185